[Event "Eindhoven WLC op 9th"]
[Site "Eindhoven"]
[Date "2018.05.25"]
[Round "1"]
[White "Verfuerth, Thomas"]
[Black "Kuipers, Stefan"]
[Result "0-1"]
[WhiteElo "2045"]
[BlackElo "2480"]
[PlyCount "24"]
[EventDate "2018.05.25"]
[EventType "swiss"]
[EventRounds "6"]
[EventCountry "NED"]
[SourceTitle "CBM 184 Extra"]
[Source "ChessBase"]
[SourceDate "2018.06.28"]
[SourceVersion "1"]
[SourceVersionDate "2018.06.28"]
[SourceQuality "1"]

1. c4 c6 2. e4 d5 3. cxd5 cxd5 4. exd5 Nf6 5. Bb5+ Bd7 6. Bc4 Qc7 7. Bb3 Nxd5 8. Nc3 Nf4 9. Qf3 Bc6 10. Ba4 Bxa4 11. Nxa4 Nc6 12. d3 Ne5 0-1

[Event "Goch op 27th"]
[Site "Goch"]
[Date "2016.09.04"]
[Round "7"]
[White "Verfuerth, Thomas"]
[Black "Aymans, Rainer"]
[Result "1-0"]
[WhiteElo "2152"]
[BlackElo "1867"]
[PlyCount "67"]
[EventDate "2016.09.01"]
[EventType "swiss"]
[EventRounds "7"]
[EventCountry "GER"]
[SourceTitle "EXT 2018"]
[Source "ChessBase"]
[SourceDate "2017.10.13"]
[SourceVersion "1"]
[SourceVersionDate "2017.10.13"]
[SourceQuality "1"]

1. c4 Nf6 2. Nc3 g6 3. e4 d6 4. g3 c5 5. Bg2 Nc6 6. Nge2 Bg7 7. 0-0 0-0 8. h3 Bd7 9. d3 Qc8 10. Kh2 a6 11. f4 e6 12. g4 Rb8 13. Ng3 Ne7 14. Qe2 b5 15. Nd1 Nc6 16. Ne3 Nd4 17. Qf2 bxc4 18. dxc4 Ne8 19. Rb1 Nc7 20. Nc2 f5 21. Nxd4 cxd4 22. exf5 gxf5 23. Nh5 e5 24. Nxg7 Kxg7 25. fxe5 dxe5 26. gxf5 Rxf5 27. Qg3+ Kf7 28. Bh6 Qh8 29. Be4 Rxb2+ 30. Rxb2 Rxf1 31. Rb7 Qf6 32. Rxc7 Qxh6 33. Rxd7+ Ke8 34. Rxh7 1-0

[Event "Muensterland op 32d"]
[Site "Senden"]
[Date "2014.10.15"]
[Round "6"]
[White "Dahm, Jochen"]
[Black "Verfuerth, Thomas"]
[Result "0-1"]
[WhiteElo "2282"]
[BlackElo "2156"]
[PlyCount "85"]
[EventDate "2014.10.??"]
[EventType "swiss"]
[EventRounds "9"]
[EventCountry "GER"]
[SourceTitle "EXT 2017"]
[Source "ChessBase"]
[SourceDate "2016.10.25"]
[SourceVersion "1"]
[SourceVersionDate "2016.10.25"]
[SourceQuality "1"]

1. e4 c5 2. Nf3 d6 3. d4 cxd4 4. Nxd4 Nf6 5. Nc3 g6 6. Bc4 Nc6 7. 0-0 Bg7 8. Re1 0-0 9. Nb3 Ne5 10. Bf1 Bg4 11. f3 Be6 12. Nd5 Rc8 13. a4 Bxd5 14. exd5 Qc7 15. c3 Rfe8 16. a5 a6 17. Ra4 Ned7 18. Be3 b5 19. axb6 Nxb6 20. Rd4 Nfxd5 21. Rxd5 Nxd5 22. Qxd5 e6 23. Qd2 Rb8 24. Nc1 a5 25. Nd3 Rb3 26. Qc2 Reb8 27. Rc1 a4 28. Ra1 Qc6 29. Ra2 a3 30. bxa3 Rxc3 31. Qd1 Qd5 32. Qe2 Rxd3 33. Qxd3 Qxa2 34. Qxd6 Ra8 35. Qc6 Qxa3 36. Bf2 Qa1 37. Qc4 Rd8 38. Qc7 Rd1 39. Qc8+ Bf8 40. Qc4 Qc1 41. Qb5 Rd5 42. Qb8 Kg7 43. Qb3 0-1

[Event "Goch op 25th"]
[Site "Goch"]
[Date "2014.09.05"]
[Round "3"]
[White "Harff, Marcel"]
[Black "Verfuerth, Thomas"]
[Result "1/2-1/2"]
[WhiteElo "2280"]
[BlackElo "2156"]
[PlyCount "50"]
[EventDate "2014.09.04"]
[EventType "swiss"]
[EventRounds "7"]
[EventCountry "GER"]
[SourceTitle "EXT 2016"]
[Source "ChessBase"]
[SourceDate "2015.10.08"]
[SourceVersion "1"]
[SourceVersionDate "2015.10.08"]
[SourceQuality "1"]

1. d4 Nf6 2. Nf3 c5 3. c3 cxd4 4. cxd4 d5 5. Ne5 Nfd7 6. Qa4 f6 7. Nf3 Nc6 8. Bf4 Qb6 9. b3 e5 10. Be3 Bb4+ 11. Bd2 e4 12. a3 Bxd2+ 13. Nfxd2 Qxd4 14. Qxd4 Nxd4 15. Ra2 Ne5 16. e3 Ndc6 17. f4 Ng4 18. Ke2 b6 19. Nc3 Ba6+ 20. Ke1 Bxf1 21. Nxf1 Ne7 22. h3 Nh6 23. g4 Kd7 24. Ng3 Rac8 25. Kd2 Nf7 1/2-1/2

[Event "Goch op 24th"]
[Site "Goch"]
[Date "2013.09.08"]
[Round "6"]
[White "Verfuerth, Thomas"]
[Black "Fleischhauer, Thomas"]
[Result "1/2-1/2"]
[WhiteElo "2175"]
[BlackElo "2004"]
[PlyCount "32"]
[EventDate "2013.09.05"]
[EventType "swiss"]
[EventRounds "7"]
[EventCountry "GER"]
[SourceTitle "EXT 2015"]
[Source "ChessBase"]
[SourceDate "2014.11.20"]
[SourceVersion "1"]
[SourceVersionDate "2014.11.20"]
[SourceQuality "1"]

1. c4 e6 2. Nf3 d5 3. g3 c5 4. cxd5 exd5 5. d4 Nc6 6. dxc5 Bxc5 7. Bg2 Nf6 8. 0-0 0-0 9. Bg5 h6 10. Bf4 Re8 11. Nc3 Bg4 12. Nb5 Rc8 13. Rc1 Qb6 14. Nc3 Bf8 15. Qd2 d4 16. Nd1 Nd5 1/2-1/2

[Event "Goch op 24th"]
[Site "Goch"]
[Date "2013.09.07"]
[Round "5"]
[White "Rieger, Mario"]
[Black "Verfuerth, Thomas"]
[Result "0-1"]
[WhiteElo "1957"]
[BlackElo "2175"]
[PlyCount "60"]
[EventDate "2013.09.05"]
[EventType "swiss"]
[EventRounds "7"]
[EventCountry "GER"]
[SourceTitle "EXT 2015"]
[Source "ChessBase"]
[SourceDate "2014.11.20"]
[SourceVersion "1"]
[SourceVersionDate "2014.11.20"]
[SourceQuality "1"]

1. d4 Nf6 2. Nf3 c5 3. c4 cxd4 4. Nxd4 Nc6 5. Nxc6 bxc6 6. Nc3 g6 7. g3 Bg7 8. Bg2 Rb8 9. Qc2 0-0 10. Bf4 Rb4 11. b3 d5 12. Rd1 Qa5 13. cxd5 Rxf4 14. gxf4 Nxd5 15. Bxd5 Qxc3+ 16. Qxc3 Bxc3+ 17. Kf1 cxd5 18. Rg1 Bh3+ 19. Rg2 d4 20. Kg1 Bxg2 21. Kxg2 Rd8 22. Rd3 Kg7 23. e3 f6 24. exd4 Bxd4 25. Kf3 Bb6 26. Rxd8 Bxd8 27. Ke4 f5+ 28. Kd5 Bb6 29. f3 h5 30. b4 Bc7 0-1

[Event "Goch op 24th"]
[Site "Goch"]
[Date "2013.09.06"]
[Round "2"]
[White "Verfuerth, Thomas"]
[Black "Glinzk, Michael"]
[Result "1-0"]
[WhiteElo "2175"]
[BlackElo "1987"]
[PlyCount "81"]
[EventDate "2013.09.05"]
[EventType "swiss"]
[EventRounds "7"]
[EventCountry "GER"]
[SourceTitle "EXT 2015"]
[Source "ChessBase"]
[SourceDate "2014.11.20"]
[SourceVersion "1"]
[SourceVersionDate "2014.11.20"]
[SourceQuality "1"]

1. c4 Nf6 2. Nc3 e5 3. e4 Bc5 4. g3 0-0 5. Bg2 Nc6 6. Nge2 d6 7. 0-0 Be6 8. d3 Qd7 9. Nd5 Ne8 10. Be3 Bh3 11. f4 Bxg2 12. Kxg2 exf4 13. Bxf4 Nd4 14. Bg5 f6 15. Bd2 c6 16. Ndf4 Nc7 17. b4 Bb6 18. Bc3 Nxe2 19. Nxe2 Rae8 20. Nd4 Ne6 21. Nf5 d5 22. exd5 cxd5 23. c5 Bc7 24. Qg4 Be5 25. d4 Bc7 26. Rae1 g6 27. Bd2 Kh8 28. Nh4 Qf7 29. Nf3 Ng7 30. Ng5 Qg8 31. Qd7 Rxe1 32. Rxe1 fxg5 33. Qxc7 Rf7 34. Qd6 Nf5 35. Qe5+ Qg7 36. Qxd5 h6 37. Bc3 Qf6 38. Qe5 Kh7 39. Qxf6 Rxf6 40. d5 Rf7 41. d6 1-0

[Event "Goch op 21st"]
[Site "Goch"]
[Date "2010.10.01"]
[Round "3"]
[White "Verfuerth, Thomas"]
[Black "Gutman, Lev"]
[Result "1/2-1/2"]
[WhiteElo "2160"]
[BlackElo "2419"]
[PlyCount "87"]
[EventDate "2010.09.30"]
[EventType "swiss"]
[EventRounds "7"]
[EventCountry "GER"]
[SourceTitle "EXT 2012"]
[Source "ChessBase"]
[SourceDate "2011.11.24"]
[SourceVersion "1"]
[SourceVersionDate "2011.11.24"]
[SourceQuality "1"]

1. c4 Nf6 2. Nc3 g6 3. e4 Bg7 4. g3 0-0 5. Bg2 Nc6 6. Nge2 a6 7. 0-0 Rb8 8. a4 a5 9. f4 d6 10. h3 Nb4 11. d3 c6 12. Kh2 d5 13. cxd5 cxd5 14. e5 Nd7 15. Be3 Nb6 16. Na2 Nc6 17. Bxb6 Qxb6 18. Bxd5 Rd8 19. Nac3 Nb4 20. Be4 f5 21. exf6 exf6 22. d4 f5 23. Bg2 Be6 24. d5 Bf7 25. Qd2 Rd7 26. Rad1 Rbd8 27. Qc1 h5 28. h4 Bf6 29. Rfe1 Kg7 30. Kh3 Qc5 31. Rd2 Qc4 32. Red1 Re8 33. Nb5 Qxc1 34. Nxc1 Re3 35. Kh2 Kf8 36. Kh3 Ke7 37. Kh2 Kd8 38. Kh3 Kc8 39. Kh2 Kb8 40. Kh3 Na6 41. Rc2 Re8 42. Nb3 Bd8 43. Nc5 Nxc5 44. Rxc5 1/2-1/2

[Event "Goch op 20th"]
[Site "Goch"]
[Date "2009.10.03"]
[Round "5"]
[White "Versteeg, Cees"]
[Black "Verfuerth, Thomas"]
[Result "1-0"]
[WhiteElo "2041"]
[BlackElo "2174"]
[PlyCount "81"]
[EventDate "2009.10.01"]
[EventType "swiss"]
[EventRounds "7"]
[EventCountry "GER"]
[SourceTitle "EXT 2011"]
[Source "ChessBase"]
[SourceDate "2010.11.26"]
[SourceVersion "1"]
[SourceVersionDate "2010.11.26"]
[SourceQuality "1"]

1. e4 c5 2. Nf3 d6 3. d4 cxd4 4. Nxd4 Nf6 5. Bd3 Nc6 6. Be3 Ng4 7. Nxc6 bxc6 8. Bd4 e5 9. Bc3 Qh4 10. g3 Qh3 11. Bf1 Qh6 12. h3 Be7 13. Nd2 0-0 14. Qf3 Nf6 15. g4 Be6 16. Bd3 Nd7 17. Nc4 Rab8 18. Ne3 g6 19. Nf5 gxf5 20. gxf5 Bh4 21. Bd2 Qf6 22. Rg1+ Kh8 23. Qh5 Nc5 24. Rg4 Nxd3+ 25. cxd3 Bxf2+ 26. Kxf2 Rxb2 27. Rag1 Bxf5 28. exf5 e4 29. Ke3 Rxd2 30. Kxd2 Rb8 31. Rh4 e3+ 32. Kxe3 Qe5+ 33. Re4 Qc5+ 34. d4 Qc3+ 35. Kf4 Qd2+ 36. Kf3 Qd3+ 37. Re3 Qxd4 38. Qg4 Qd5+ 39. Qe4 h6 40. Qxd5 cxd5 41. Rb3 1-0

[Event "Goch op 14th"]
[Site "Goch"]
[Date "2003.??.??"]
[Round "2"]
[White "Frericks, Harald"]
[Black "Verfuerth, Thomas"]
[Result "1-0"]
[WhiteElo "2000"]
[BlackElo "2205"]
[PlyCount "33"]
[EventDate "2003.10.02"]
[EventType "swiss"]
[EventRounds "7"]
[EventCountry "GER"]
[SourceTitle "EXT 2006"]
[Source "ChessBase"]
[SourceDate "2005.11.24"]
[SourceVersion "1"]
[SourceVersionDate "2005.11.24"]
[SourceQuality "1"]

1. e4 c5 2. c3 d5 3. exd5 Qxd5 4. d4 Nf6 5. Nf3 Bg4 6. dxc5 Qxc5 7. Na3 Nbd7 8. Be3 Qa5 9. h3 Bh5 10. Qb3 Bxf3 11. gxf3 Qc7 12. 0-0-0 g6 13. Nb5 Qb8 14. Qc4 Bg7 15. Nc7+ Kf8 16. Nxa8 Qxa8 17. Qc7 1-0

[Event "Kleve op"]
[Site "Kleve"]
[Date "2002.05.11"]
[Round "5"]
[White "Verfuerth, Thomas"]
[Black "Kneutgen, Alexander"]
[Result "1/2-1/2"]
[WhiteElo "2210"]
[BlackElo "2140"]
[PlyCount "31"]
[EventDate "2002.05.09"]
[EventType "swiss"]
[EventRounds "7"]
[EventCountry "GER"]
[SourceTitle "EXT 2008"]
[Source "ChessBase"]
[SourceDate "2007.11.25"]
[SourceVersion "1"]
[SourceVersionDate "2007.11.25"]
[SourceQuality "1"]

1. c4 Nf6 2. Nc3 c5 3. e4 e6 4. e5 Ng8 5. Nf3 Nc6 6. Be2 a6 7. 0-0 Qc7 8. d4 cxd4 9. Nxd4 Qxe5 10. Nf3 Qc7 11. Be3 Nf6 12. a3 Be7 13. b4 0-0 14. Na4 d6 15. Bb6 Qb8 16. Rc1 1/2-1/2